000 00522nam a22001697a 4500
003 BD-ChCU
005 20250109124401.0
008 250109b bg ||||| |||| 00| 0 ben d
040 _cBD-ChCU
082 _222
_a333.794 H819e
100 _aHossain, Delwar
_97288
245 _aEnergy diplomacy of Bangladesh:
_b in search of diversification and sustainability /
_cby Delwar Hossain
260 _aDHAKA,
_bCBGA,
_cc2023
300 _a56 P.
_c22 cm.
650 0 _aEnergy-resource:Energy-resource
_97291
942 _2ddc
_cBK
_n0
999 _c105351
_d105351